<?xml version="1.0" encoding="UTF-8"?>
<marc:record xmlns:marc="http://www.loc.gov/MARC21/slim">
   <marc:leader>00000nam a2200000 a 4500</marc:leader>
   <marc:datafield ind1="1" ind2=" " tag="100">
      <marc:subfield code="a">Toffler, Alvin</marc:subfield>
   </marc:datafield>
   <marc:datafield ind1=" " ind2=" " tag="653">
      <marc:subfield code="a">Prognose</marc:subfield>
   </marc:datafield>
   <marc:datafield ind1=" " ind2=" " tag="653">
      <marc:subfield code="a">Zukunftsforschung</marc:subfield>
   </marc:datafield>
   <marc:datafield ind1=" " ind2=" " tag="653">
      <marc:subfield code="a">Utopie</marc:subfield>
   </marc:datafield>
   <marc:datafield ind1=" " ind2=" " tag="653">
      <marc:subfield code="a">Sozialkritik</marc:subfield>
   </marc:datafield>
   <marc:datafield ind1=" " ind2=" " tag="653">
      <marc:subfield code="a">Wissenschaft</marc:subfield>
   </marc:datafield>
   <marc:datafield ind1="0" ind2="0" tag="245">
      <marc:subfield code="a">Kursbuch ins dritte Jahrtausend</marc:subfield>
   </marc:datafield>
   <marc:datafield ind1="0" ind2="0" tag="245">
      <marc:subfield code="b">Weltprognosen und Lebensplanung ;  ein Kompendium der Zukunftsforschung</marc:subfield>
   </marc:datafield>
   <marc:datafield ind1=" " ind2="1" tag="264">
      <marc:subfield code="a">Frankfurt/M. (u.a.)</marc:subfield>
      <marc:subfield code="b">Ullstein</marc:subfield>
      <marc:subfield code="c">1972</marc:subfield>
   </marc:datafield>
   <marc:datafield ind1="1" ind2=" " tag="520">
      <marc:subfield code="a">"Wir können die Zukunft nicht humaner gestalten, wenn wir sie nicht in unser Bewußtsein einbeziehen und mit aller uns zur Verfügung stehenden intelligenz und Vorstellungskraft in sie eindringen." Damit fängt der Herausgeber mit der vorliegenden Zusammenstellung an. In diesem facettenreichen Sammelband legen Autoren wie M.Mead, M.McLuhan, A.C.Clarke, K. Steinbuch, H.Kahn, I.Bestuschew-Lada, R.Jungk, B. Fuller, O.K. Flechtheim (u.a.) dar, was wir heute über die Zukunft wissen und wissen müssen. Titel wie "Chancen des technischen Fortschritts", "Der Gebrauch von Szenarien", "Der demokratischen Futurologie entgegen", "Die Öko-Katastrophe", "Die neue Informationsgesellschaft" oder "Zukunftsforschung und Imagination" zeigen die Bandbreite der behandelten Themen.</marc:subfield>
   </marc:datafield>
   <marc:datafield ind1="0" ind2=" " tag="490">
      <marc:subfield code="v">0</marc:subfield>
   </marc:datafield>
   <marc:datafield ind1=" " ind2=" " tag="542">
      <marc:subfield code="d">Toffler, Alvin</marc:subfield>
   </marc:datafield>
   <marc:datafield ind1=" " ind2=" " tag="300">
      <marc:subfield code="a">365 S.</marc:subfield>
   </marc:datafield>
</marc:record>
